000 00405pab a2200169 454500
008 180718b2006 xxu||||| |||| 00| 0 eng d
100 _aKanthimathinathan, S.
245 _aRural road networks in India: some issues
260 _c2006
300 _ap.35-38.
362 _aJun
650 _aRural development
650 _aRoads - India
650 _aRoads
773 _aKurukshetra
909 _a70079
999 _c70079
_d70079